Hamilton Songs By First Two Lines - Statistics

General Stats
  • This quiz has been taken 260 times
  • The average score is 32 of 46
Answer Stats
Hint Answer % Correct
I am not throwin' away my shotI am not throwin' away my shot My Shot
86%
Ooh (hey, hey)I do, I do, I do, I do, (hey, hey, hey, hey) Helpless
84%
Stay aliveStay alive Stay Alive - Reprise
84%
After the war, I went back to New YorkA-after the war, I went back to New York Non-Stop
83%
1, 2, 3, 4, 5, 6, 7, 8, 9It's the ten duel commandments Ten Duel Commandments
83%
There's nothing rich folks love more Than going downtown and slummin' it with the poor The Schuyler Sisters
83%
I may not live to see our glory!(I may not live to see our glory!) The Story of Tonight - Reprise
83%
Dear Theodosia, what to say to you?You have my eyes, you have your mother's name Dear Theodosia
82%
Stay aliveStay alive Stay Alive
82%
The Reynolds PamphletHave you read this? The Reynolds Pamphlet
82%
I saved every letter you wrote meFrom the moment I read them, I knew you were mine Burn
81%
In the eye of a hurricane there is quietFor just a moment Hurricane
81%
How does a bastard, orphan, son of a whoreAnd a Scotsman, dropped in the middle of a forgotten Alexander Hamilton
80%
I may not live to see our glory(I may not live to see our glory) The Story of Tonight
79%
Theodosia writes me a letter every dayI'm keeping the bed warm while her husband is away Wait For It
79%
It must be nice, it must be niceTo have Washington on your side Washington on Your Side
79%
You sayThe price of my love's not a price that you're willing to pay You'll Be Back
79%
Ladies and gentlemenYou could've been anywhere in the world tonight Cabinet Battle #1
77%
(The election of 1800)Can we get back to politics? The Election of 1800
76%
The battle of Yorktown, 1781Monsieur Hamilton Yorktown (The World Turned Upside Down)
76%
Alright, alrightThat's what I'm talking about Satisfied
75%
1776New York City Aaron Burr, Sir
73%
The issue on the table, France is on the verge of war with EnglandAnd do we provide aid and troops to our French allies Cabinet Battle #2
73%
Hear ye, hear ye! My name is Samuel Seabury Farmer Refuted
72%
There's nothing like summer in the citySomeone under stress meets someone looking pretty Say No to This
72%
How does a ragtag volunteer army in need of a showerSomehow defeat a global superpower? Guns and Ships
71%
Alexander, come back to sleepI have an early meeting out of town Best of Wives and Best of Women
68%
Un deux trois quatreCinq six sept huit neuf (un deux trois quatre) Take a Break
68%
Let me tell you what I wish I'd knownWhen I was young and dreamed of glory Who Lives, Who Dies, Who Tells Your Story
67%
I was younger than you are nowWhen I was given my first command History Has Its Eyes on You
66%
They sayThe price of my war is not a price that they are willing to pay What Comes Next?
65%
There are moments that the words don't reachThere is suffering too terrible to name It's Quiet Uptown
64%
Lee, do you yield?You shot him in the side, yes, he yields Meet Me Inside
64%
Look, grandpa's in the paperWar hero Phillip Schuyler loses senate seat to young upstart Aaron Burr Schuyler Defeated
64%
Mr. Vice PresidentMr. Madison We Know
64%
They say George Washington's yielding his power and stepping awayIs that true? I Know Him
62%
British Admiral Howe's got troops on the waterThirty-two thousand troops in New York harbour Right Hand Man
60%
Meet the latest graduate of King's CollegeI prob'ly shouldn't brag, but, dag, I amaze and astonish Blow Us All Away
58%
Mr. President, you asked to see me?I know you're busy One Last Time
58%
Ah, Mister SecretaryMister Burr, sir The Room Where It Happens
56%
One, two, three, four, five, six, seven, eight, nineThere are ten things you need to know (number one) The World Was Wide Enough
54%
How does HamiltonAn arrogant immigrant, orphan Your Obedient Servant
53%
How does a bastard, orphan, son of a whoreGo on and on, grow into more of a phenomenon? A Winter's Ball
52%
Look around, look around at how lucky we areTo be alive right now That Would Be Enough
52%
How does Hamilton the short-tempered ProteanCreator of the Coast Guard The Adams Administration
43%
Seventeen, se-se-seventeenSe-se-seventeen What'd I Miss?
43%
No matching quizzes found
Score Distribution
Percent of People with Each Score
Percentile by Number Answered
Your Score History
You have not taken this quiz